Integración en EGB, una nueva escuela (Record no. 6240)
[ view plain ]
| 000 -LEADER | |
|---|---|
| campo de control de longitud fija | 01293nam a2200277 i 4500 |
| 001 - NÚMERO DE CONTROL | |
| campo de control | 6240 |
| 003 - IDENTIFICADOR DE NÚMERO DE CONTROL | |
| campo de control | ES-MaACL |
| 005 - FECHA Y HORA DE LA ÚLTIMA TRANSACCIÓN | |
| campo de control | 20251220174143.0 |
| 007 - CAMPO FIJO DE DESCRIPCIÓN FÍSICA--INFORMACIÓN GENERAL | |
| campo de control de longitud fija | t| |
| 008 - DATOS DE LONGITUD FIJA--INFORMACIÓN GENERAL | |
| campo de control de longitud fija | 890908s1989 sp ||||0| spa d |
| 020 ## - NÚMERO INTERNACIONAL ESTÁNDAR DEL LIBRO | |
| Número Internacional Estándar del Libro | 84-505-3977-3 |
| 080 ## - NÚMERO DE LA CLASIFICACIÓN DECIMAL UNIVERSAL | |
| Número de la Clasificación Decimal Universal | 371.91/92 |
| 111 0# - ENTRADA PRINCIPAL--NOMBRE DE CONGRESO/REUNIÓN | |
| Nombre de congreso/reunión o jurisdicción como elemento de entrada | Seminario sobre la Problemática de la Integración en EGB de Niños con Minusvalías |
| Fecha del congreso o de la firma del tratado | (1986. |
| Sede del congreso/Lugar de la reunión | Madrid) |
| 9 (RLIN) | 1058 |
| 245 10 - MENCIÓN DEL TÍTULO | |
| Título | Integración en EGB, una nueva escuela |
| Resto del título | : ponencias y conclusiones del Seminario sobre la Problemática de la Integración en EGB de Niños con minusvalías celebrada por la Fundación Banco Exterior en Madrid entre los dias 3 al 7 de febrero de 1986 / |
| Mención de responsabilidad, etc. | edición al cuidado de José Antonio Rodríguez. |
| 250 ## - MENCION DE EDICION | |
| Mención de edición | 2a ed. |
| 260 ## - PUBLICACIÓN, DISTRIBUCIÓN, ETC. | |
| Lugar de publicación, distribución, etc. | Madrid : |
| Nombre del editor, distribuidor, etc. | Fundación Banco Exterior, |
| Fecha de publicación, distribución, etc. | 1989. |
| 300 ## - DESCRIPCIÓN FÍSICA | |
| Extensión | 247 p. ; |
| Dimensiones | 23 cm. |
| 490 1# - MENCIÓN DE SERIE | |
| Mención de serie | Colección Seminarios y cursos |
| 504 ## - NOTA DE BIBLIOGRAFÍA, ETC. | |
| Nota de bibliografía, etc. | Bibliogr.: p. 239-242. |
| 650 14 - PUNTO DE ACCESO ADICIONAL DE MATERIA--TÉRMINO DE MATERIA | |
| Término de materia o nombre geográfico como elemento de entrada | Pedagogía social- |
| Subdivisión geográfica | España- |
| Subdivisión de forma | Congresos y asambleas |
| 9 (RLIN) | 13839 |
| 700 1# - ENTRADA AGREGADA--NOMBRE PERSONAL | |
| Nombre de persona | Rodríguez, José Antonio. |
| 9 (RLIN) | 98255 |
| 711 0# - ENTRADA AGREGADA--NOMBRE DE REUNIÓN | |
| Nombre de congreso/reunión o jurisdicción como elemento de entrada | Seminario sobre la Problemática de la Integración de Niños con Minusvalías |
| Fecha del congreso o de la firma del tratado | (1986. |
| Sede del congreso/Lugar de la reunión | Madrid) |
| 9 (RLIN) | 1057 |
| 830 0# - PUNTO DE ACCESO ADICIONAL DE SERIE-TÍTULO UNIFORME | |
| Título uniforme | Colección Seminarios y cursos |
| 9 (RLIN) | 177486 |
| 852 ## - LOCALIZACIÓN | |
| Ubicación | ES-MaACL |
| Número de control de estantería | L-13371 |
| Sublocalización o colección | R.117019 |
| Nota libre | . - rust. |
| Estatus retirado | Estado de pérdida | Estado de daño | No para préstamo | Biblioteca de origen | Biblioteca actual | Ubicación en estantería | Fecha de adquisición | Fuente de adquisición | Total de préstamos | Signatura topográfica completa | Código de barras | Visto por última vez | Precio de reemplazo | Tipo de ítem Koha |
|---|---|---|---|---|---|---|---|---|---|---|---|---|---|---|
| Biblioteca del Ateneo de Madrid | Biblioteca del Ateneo de Madrid | Depósito 2 | 17/01/2008 | L-13371 | 1006352 | 23/02/2023 | 23/02/2023 | Libro impreso |
